Мовні засоби вираження функціонально-семантичного поля "краса" в англійській мові (Запис № 285412)
[ простий вигляд ]
| 000 -LEADER | |
|---|---|
| fixed length control field | 01755nam a22001577a 4500 |
| 041 ## - LANGUAGE CODE | |
| Language code of text/sound track or separate title | ukr |
| 080 ## - UNIVERSAL DECIMAL CLASSIFICATION NUMBER | |
| Universal Decimal Classification number | 09 |
| 090 ## - LOCALLY ASSIGNED LC-TYPE CALL NUMBER (OCLC); LOCAL CALL NUMBER (OCLC) | |
| Local cutter number (OCLC) ; Book number/undivided call number, CALL (RLIN) | МЕЛ |
| 100 ## - MAIN ENTRY--PERSONAL NAME | |
| Personal name | Мельник, К. А. |
| 245 ## - TITLE STATEMENT | |
| Title | Мовні засоби вираження функціонально-семантичного поля "краса" в англійській мові |
| 260 ## - PUBLICATION, DISTRIBUTION, ETC. (IMPRINT) | |
| Place of publication, distribution, etc | Острог |
| Name of publisher, distributor, etc | КАФ |
| Date of publication, distribution, etc | 2014 |
| 300 ## - PHYSICAL DESCRIPTION | |
| Extent | 89 |
| 520 ## - SUMMARY, ETC. | |
| Summary, etc | Вступ.<br/>Розділ І. Теоретико-методологічні засади аналізу функціонально-семантичного поля.<br/>1.1. Загальна теорія розвитку функціональних вчень<br/>1.2. Аспекти категоризації у системі функціональних вчень<br/>1.3. "Компонентний аналіз" як провідний метод дослідження функціонально-семантичного поля<br/>1.4. Лексико-семантичне та функціонально-семантичне поле<br/>1.5. Системні ознаки функціонально-семантичного поля<br/>Розділ ІІ. Функціонально-семантичне поле "краси".<br/>2.1. Краса як філософська та естетична категорія<br/>2.2. Аналіз мовних засобів вираження "краси" методом словникових дефініцій та компонентного аналізу<br/>2.3. Мовні засоби вираження краси<br/>Висновки.<br/>Список використаних джерел.<br/>Додатки. |
| -- | функціонально-семантичне поле, краса |
| 650 ## - SUBJECT ADDED ENTRY--TOPICAL TERM | |
| Topical term or geographic name as entry element | Research Papers |
| 942 ## - ADDED ENTRY ELEMENTS (KOHA) | |
| Koha item type | Книги |
| Withdrawn status | Lost status | Source of classification or shelving scheme | Damaged status | Not for loan | Home library | Current library | Date acquired | Source of acquisition | Cost, normal purchase price | Total Checkouts | Full call number | Barcode | Date last seen | Price effective from | Koha item type |
|---|---|---|---|---|---|---|---|---|---|---|---|---|---|---|---|
| Universal Decimal Classification | ВІЛ - Відділ іноземн. літератури НБ | ВІЛ - Відділ іноземн. літератури НБ | 17/06/2014 | Акт №8 | 1.00 | 09 | 215506 | 09/11/2021 | 17/06/2014 | Книги |